| 000 | 00768nam a2200217 i 4500 | ||
|---|---|---|---|
| 001 | 183798 | ||
| 003 | ES-MaACL | ||
| 005 | 20250725035240.0 | ||
| 008 | 141015s1872 sp |||| | spa d | ||
| 080 | _a655 | ||
| 110 | 2 |
_aImprenta de Miguel Ginesta. _9155724 |
|
| 245 | 1 | 0 | _aColección de los caractéres de la Imprenta de Miguel Ginesta. |
| 246 | 1 | 4 | _aMuestrario de la Imprenta de Miguel Ginesta |
| 260 |
_a[S.l.] : _b[s.n.], _c1872 ( _eMadrid : _f[Imp. Miguel Ginesta]) |
||
| 300 |
_a[47] h. ; _c24 cm. |
||
| 530 | _aDisponible en formato digital. | ||
| 650 | 7 |
_aTipos de imprenta _2embne _9147448 |
|
| 852 |
_aES-MaACL _jT-533-F-3 |
||
| 856 | 4 | 1 |
_uhttp://bdh-rd.bne.es/viewer.vm?id=0000048513&page=1 _zBiblioteca Digital Hispánica |
| 999 |
_c183798 _d183798 |
||